Tilastot visalle Afrikan valtioiden muodot

Klikkaa tästä pelataksesi tätä visaa!

Yleistilastot

  • Tätä visaa on pelattu 559 kertaa
  • Keskiarvotulos 30 / 54

Vastaustilastot

Vastaus% Oikein
Egypti
99%
Marokko
95%
Somalia
91%
Etelä-Afrikka
86%
Algeria
84%
Libya
84%
Namibia
79%
Madagaskar
75%
Mali
75%
Mosambik
73%
Benin
72%
Kongon demokraattinen tasavalta
72%
Gambia
71%
Senegal
71%
Kap Verde
68%
Mauritius
68%
Malawi
65%
Sambia
64%
Togo
64%
Angola
63%
Etiopia
63%
Kamerun
63%
São Tomé ja Príncipe
63%
Tšad
62%
Seychellit
59%
Eritrea
57%
Komorit
56%
Sudan
54%
Niger
52%
Mauritania
51%
Päiväntasaajan Guinea
50%
Ghana
49%
Nigeria
48%
Tunisia
48%
Botswana
45%
Keski-Afrikan tasavalta
44%
Zimbabwe
43%
Guinea
42%
Guinea-Bissau
42%
Liberia
42%
Burkina Faso
41%
Tansania
38%
Gabon
37%
Kenia
37%
Kongon tasavalta
36%
Etelä-Sudan
35%
Norsunluurannikko
34%
Sierra Leone
34%
Uganda
34%
Lesotho
32%
Swazimaa
29%
Burundi
28%
Djibouti
28%
Ruanda
25%

Tulosjakauma

Persentiili vastausten määrän mukaan

Jokaisen tuloksen saaneiden osuus

Tuloshistoriasi

Et ole pelannut tätä visaa